| 000 | 01400nam a2200265 a 4500 | ||
|---|---|---|---|
| 001 | 000045156 | ||
| 005 | 20250701132842.0 | ||
| 008 | 110325s1980 dr a 000 0 spa d | ||
| 040 |
_aDO-SdBNP _bspa _cBNPHU |
||
| 082 |
_a338.2 _bR426p |
||
| 110 | 1 |
_aRepública Dominicana. _bSecretariado Técnico de la Presidencia. _bOficina Nacional de Planificación _911062 |
|
| 245 | 1 | 0 |
_aPlan regional de desarrollo del Cibao Oriental : _bminería: versión preliminar. |
| 260 |
_a[Santo Domingo] : _bSecretariado Técnico de la Presidencia : _bOEA, _c1980. |
||
| 300 |
_a132 p : _bil. ; mapa ; _c30 cm. |
||
| 500 | _aIncluye referencias bibliográficas y notas al pie de las paginas | ||
| 505 | 0 |
_tIntroducción -- _tDiagnóstico hidrometeorológico y fisiográfico -- _tAnálisis de crecidas en la Cuenca del Yuna -- _tEstrategia e identificación de proyectos -- _tAnexos. |
|
| 590 | _aInventariado,2018/DG | ||
| 650 | 4 |
_aIndustria minera _zRepública Dominicana _973170 |
|
| 650 | 0 |
_aDesarrollo económico _985548 |
|
| 651 | 4 |
_aRepública Dominicana _xCondiciones Económicas _9281 |
|
| 651 | 4 |
_aRepública Dominicana _xPolítica Económica _9643 |
|
| 710 | 1 | 2 |
_aRepública Dominicana. Secretariado Técnico de la Presidencia. Oficina Nacional de Planificación. _911062 |
| 710 | 2 | 2 |
_aOrganización de los Estados Américanos _bPrograma de Desarrollo Regional _973171 |
| 910 | _aValidado. Control de calidad MFF | ||
| 999 |
_c44645 _d44645 |
||